Matemática superior para matemáticos, físicos e ingenieros (Registro nro. 8047)
[ vista simple ]
| 000 -LEADER | |
|---|---|
| fixed length control field | 00800 a2200241 4500 |
| 001 - CONTROL NUMBER | |
| control field | 63206 |
| 005 - DATE AND TIME OF LATEST TRANSACTION | |
| control field | 20260407155928.0 |
| 008 - FIXED-LENGTH DATA ELEMENTS--GENERAL INFORMATION | |
| fixed length control field | 260407a1959 arg spa d |
| 003 - CONTROL NUMBER IDENTIFIER | |
| control field | AR-UNSa-BCEJYS |
| 040 ## - CATALOGING SOURCE | |
| Original cataloging agency | AR-UNSa-BCEJYS |
| Language of cataloging | spa |
| Transcribing agency | AR-UNSa-BCEJYS |
| 080 ## - UNIVERSAL DECIMAL CLASSIFICATION NUMBER | |
| Universal Decimal Classification number | 510 |
| Common auxiliary subdivision | Consideraciones fundamentales y generales de las matemáticas<br/> |
| 041 ## - LANGUAGE CODE | |
| Language code of text/sound track or separate title | spa |
| 100 1# - MAIN ENTRY--PERSONAL NAME | |
| Personal name | Rothe, R. |
| 245 10 - TITLE STATEMENT | |
| Title | Matemática superior para matemáticos, físicos e ingenieros |
| 264 #1 - PRODUCTION, PUBLICATION, DISTRIBUTION, MANUFACTURE, AND COPYRIGHT NOTICE | |
| Place of production, publication, distribution, manufacture | Barcelona : |
| Name of producer, publisher, distributor, manufacturer | Labor |
| Date of production, publication, distribution, manufacture, or copyright notice | 1959 |
| 300 ## - PHYSICAL DESCRIPTION | |
| Extent | 3 v. (686 ; 325 ; 480 p.) |
| Dimensions | 22 cm. |
| 505 ## - FORMATTED CONTENTS NOTE | |
| Formatted contents note | Vol. I: Elementos -- Vol. II: Ejercicios -- Vol. III: Complementos |
| 590 ## - LOCAL NOTE (RLIN) | |
| Local note | niveau_biblio:m niveau_hierar:0 |
| 700 1# - ADDED ENTRY--PERSONAL NAME | |
| Personal name | Cañedo-Argüelles, Ernesto de |
| 700 1# - ADDED ENTRY--PERSONAL NAME | |
| Personal name | Abellanas, Pedro |
| 700 1# - ADDED ENTRY--PERSONAL NAME | |
| Personal name | Fuentes, José Ramón |
| 942 ## - ADDED ENTRY ELEMENTS (KOHA) | |
| Koha item type | |
| Withdrawn status | Lost status | Damaged status | Not for loan | Home library | Current library | Shelving location | Date acquired | Total checkouts | Full call number | Barcode | Date last seen | Price effective from | Koha item type |
|---|---|---|---|---|---|---|---|---|---|---|---|---|---|
| Biblioteca Prof. Eusebio Cleto del Rey | Biblioteca Prof. Eusebio Cleto del Rey | 07/04/2026 | 510 R845 v.1 | L20626 | 07/04/2026 | 07/04/2026 | Libro | ||||||
| Biblioteca Prof. Eusebio Cleto del Rey | Biblioteca Prof. Eusebio Cleto del Rey | 07/04/2026 | 510 R845 v.2 | L20627 | 07/04/2026 | 07/04/2026 | Libro | ||||||
| Biblioteca Prof. Eusebio Cleto del Rey | Biblioteca Prof. Eusebio Cleto del Rey | 07/04/2026 | 510 R845 v.3 | L20628 | 07/04/2026 | 07/04/2026 | Libro |